Normal view
MARC view
- المهدي، محمد امين م.مشارك شريف علقم، م.مشارك دوللي حمد
Entry Personal Name
001 - CONTROL NUMBER
- control field: 64465
003 - CONTROL NUMBER IDENTIFIER
- control field: JO-AjAnu
005 - DATE AND TIME OF LATEST TRANSACTION
- control field: 20230606084525.0
008 - FIXED-LENGTH DATA ELEMENTS
- fixed length control field: 230606|| aca||aabn | a|a d
040 ## - CATALOGING SOURCE
- Original cataloging agency: JO-AjAnu
- Transcribing agency: JO-AjAnu
100 ## - HEADING--PERSONAL NAME
- Personal name: المهدي، محمد امين م.مشارك شريف علقم، م.مشارك دوللي حمد
670 ## - SOURCE DATA FOUND
- Source citation: Work cat.: (JO-AjAnu)32948: المهدي، محمد امين م.مشارك شريف علقم، م.مشارك دوللي حمد, author, الجرائم التي تختص بها المحكمة الجنائية الدولية